Taylor Swift - Track 7 - Statistiques

Statistiques générales
  • Ce quiz a été pris 81 fois
    26 depuis la dernière actualisation
  • Le résultat moyen est 9 sur 12
Statistiques - réponses
Albums Chansons % Correct
folklore seven
92%
The Tortured Poets Department Fresh Out the Slammer
85%
1989 I Wish You Would
85%
The Life of a Showgirl Actually Romantic
77%
Fearless Breathe
77%
Lover Miss Americana & The Heartbreak Prince
77%
Midnights Question...?
77%
Reputation So It Goes...
77%
Speak Now The Story Of Us
77%
evermore happiness
69%
Red I Almost Do
69%
Taylor Swift Tied Together With a Smile
69%
Aucun quiz correspondant
Distribution des résultats
% des personnes avec chaque résultat
Percentile par nombre de réponses
Votre historique - résultats
Vous n’avez pas pris ce quiz depuis la dernière actualisation